| 000 | 00527nam a2200193Ia 4500 | ||
|---|---|---|---|
| 005 | 20260429112142.0 | ||
| 008 | 260429s9999||||xx |||||||||||||| ||und|| | ||
| 020 | _a9781032485621 | ||
| 041 | _aEnglish | ||
| 082 |
_a780.23 _bKAU |
||
| 100 | _aKaufman, James C. | ||
| 245 | 0 |
_aLessons in creativity from musical theatre characters / _cJames C. Kaufman |
|
| 250 | _a1st ed. | ||
| 260 |
_aLondon : _bRoutledge, _c2024. |
||
| 300 | _axi, 207 p.; pbk | ||
| 650 | _aMusical theatre | ||
| 700 | _a Rowe, Dana P. | ||
| 942 | _cTB | ||
| 999 |
_c52617 _d52617 |
||